Príspevok k rozšíreniu Carex depressa Link. var. transilvanica (Schur) Christ na Slovensku

Bibliographic Details
Main Author: Medovič, J. (Author)
Format: Article
Language:Slovak

MARC

LEADER 00000nab a2200000 a 4500
001 vtls011133092
003 SK-MaSNL
005 20260303150934.0
008 230222|1959 xo |||||||||||||||||slo|
015 |a SNBRB 
035 |a (uuid)50bc388b-1479-4af0-9cd2-1c34483392b5 
035 |a (urnnbn)urn:nbn:sk:snk:ar-a09n9o 
035 |a urn:nbn:sk:snk-abaaub 
040 |a SNKBUCL  |b slo  |c SNKBUCL  |e AACR2 
041 0 |a slo 
044 |a xo  |c SK 
100 1 |a Medovič, J.  |4 aut  |9 1170048 
245 1 0 |a Príspevok k rozšíreniu Carex depressa Link. var. transilvanica (Schur) Christ na Slovensku  |c J. Medovič 
773 0 |t Acta Facultatis Rerum Naturalium Universitatis Comenianae  |g Roč. 3, č. 10-12 (1959), s. 565-569 
954 |a odborná, vedecká literatúra pôvodná (slovenská)  |2 lita 
958 |a OND 
958 |a EUIPO 
958 |a article13 
999 |c 2014677  |d 2016607